skbl

Dr Suryya Kumar Bhuyan Library Web-OPAC
ডঃ সূৰ্য্য
কুমাৰ ভূঞা পুথিভঁৰাল ৱেব-অ'পেক

All Research Scholars are advised to clear the annual library fees to continue using Library Resources, Remote Access, Plagiarism Test and Library Clearance.

Cotton University Book Fair 2026

Asamiya Byakaran Pravesh / (Record no. 7733)

MARC details
000 -LEADER
fixed length control field 00758nam a2200289Ia 4500
001 - CONTROL NUMBER
control field 7746
005 - DATE AND TIME OF LATEST TRANSACTION
control field 20240113234032.0
007 - PHYSICAL DESCRIPTION FIXED FIELD--GENERAL INFORMATION
fixed length control field ta
008 - FIXED-LENGTH DATA ELEMENTS--GENERAL INFORMATION
fixed length control field 050712s2003 a g b000 u asm u
020 ## - INTERNATIONAL STANDARD BOOK NUMBER
Terms of availability Rs. 50.00 (PB)
040 ## - CATALOGING SOURCE
Original cataloging agency Cotton College Assam
041 ## - LANGUAGE CODE
Language code of text/sound track or separate title asm
082 ## - DEWEY DECIMAL CLASSIFICATION NUMBER
Classification number 491.41
Item number Go 69 As
100 ## - MAIN ENTRY--PERSONAL NAME
Personal name Goswami, Golak Chandra .
245 #0 - TITLE STATEMENT
Title Asamiya Byakaran Pravesh /
Statement of responsibility, etc. Golak Chandra Goswami.
Medium Textual Documents
250 ## - EDITION STATEMENT
Edition statement 2nd ed. /
260 ## - PUBLICATION, DISTRIBUTION, ETC.
Place of publication, distribution, etc. Guwahati :
Name of publisher, distributor, etc. Bina Library ,
Date of publication, distribution, etc. 2003.
300 ## - PHYSICAL DESCRIPTION
Extent 368p. :
Other physical details ill ;
Dimensions 22cm. .
365 ## - TRADE PRICE
Price type code Rs. 50.00
653 ## - INDEX TERM--UNCONTROLLED
Uncontrolled term Assamese Grammar
653 ## - INDEX TERM--UNCONTROLLED
Uncontrolled term G-Languages
942 ## - ADDED ENTRY ELEMENTS (KOHA)
Source of classification or shelving scheme Dewey Decimal Classification
Koha item type Books
Holdings
Withdrawn status Lost status Damaged status Not for loan Collection Home library Current library Date acquired Coded location qualifier Cost, normal purchase price Total checkouts Full call number Barcode Date last seen Copy number Price effective from Koha item type Date last checked out
          Dr. Suryya Kumar Bhuyan Library Dr. Suryya Kumar Bhuyan Library 01/02/2012 00000 50.00   491.41 Go 69 As 92309 13/01/2024 3 01/02/2012 Books  
          Dr. Suryya Kumar Bhuyan Library Dr. Suryya Kumar Bhuyan Library 01/02/2012 00000 50.00   491.41 Go 69 As 596/EL 13/01/2024 2 01/02/2012 Books  
          Dr. Suryya Kumar Bhuyan Library Dr. Suryya Kumar Bhuyan Library 01/02/2012 00000 50.00 1 491.41 Go 69 As 597/El 23/10/2024 1 01/02/2012 Books 16/08/2024

Designed and Maintained by Team SKBL
©1901-2026

Powered by Koha